000 00317nam a22001337a 4500
008 170922b xxu||||| |||| 00| 0 eng d
020 _a0124405703
041 _aeng
080 _a37
100 _a46
101 _aEDU
245 _aTHE HANDBOOK OF QUALITATIVE RESEARCH IN EDUCATION
_cLECOMPTE,M.D
942 _2udc
_cBK
999 _c29150
_d29150